Statistics for Top 25 Trading Partners - Singapore

Click here to take the quiz!

General Stats

  • This quiz has been taken 63 times
  • The average score is 43 of 50

Answer Stats

HintAnswer% Correct
1st Place: 50,396China
100%
1st Place: 49,634China
100%
15th Place: 7,261India
100%
9th Place: 12,331India
100%
3rd Place: 32,949Indonesia
100%
5th Place: 15,211Indonesia
100%
2nd Place: 44,891Malaysia
100%
2nd Place: 42,774Malaysia
100%
6th Place: 15,653South Korea
100%
6th Place: 14,192South Korea
100%
5th Place: 19,992Japan
98%
4th Place: 22,149Japan
98%
7th Place: 15,555Thailand
98%
12th Place: 8,291Thailand
98%
3rd Place: 42,103United States of America
98%
4th Place: 31,863United States of America
98%
25th Place: 1,554Brazil
96%
10th Place: 10,116Germany
96%
13th Place: 6,415Germany
96%
13th Place: 7,815Philippines
96%
12th Place: 7,950Philippines
96%
8th Place: 12,670Australia
94%
18th Place: 5,457Australia
94%
8th Place: 11,425France
94%
16th Place: 4,844France
94%
25th Place: 2,250New Zealand
94%
14th Place: 7,724United Kingdom
94%
18th Place: 4,747United Kingdom
94%
23rd Place: 3,466Vietnam
94%
10th Place: 12,025Vietnam
94%
19th Place: 4,343Italy
93%
17th Place: 5,760Russia
93%
7th Place: 12,631Saudi Arabia
93%
17th Place: 4,778Cambodia
91%
24th Place: 2,345Mexico
87%
23rd Place: 2,764Myanmar
85%
19th Place: 3,712United Arab Emirates
83%
11th Place: 9,694United Arab Emirates
83%
21st Place: 3,434Bangladesh
80%
16th Place: 6,784Qatar
80%
15th Place: 5,103Belgium
78%
9th Place: 10,144Switzerland
78%
24th Place: 2,413Switzerland
78%
11th Place: 8,907Netherlands
76%
20th Place: 4,296Netherlands
76%
21st Place: 4,073Kuwait
72%
22nd Place: 3,622Iraq
57%
14th Place: 6,227Panama
19%
22nd Place: 3,382Liberia
0%
20th Place: 3,687Marshall Islands
0%

Score Distribution

Percentile by Number Answered

Percent of People with Each Score

Your Score History

You have not taken this quiz